Cases in portfolio management
Saved in:
| Main Author: | |
|---|---|
| Other Authors: | |
| Format: | Book |
| Language: | English |
| Published: |
Homewood
IRWIN
1988
|
| Subjects: | |
| Tags: |
No Tags, Be the first to tag this record!
|
MARC
| LEADER | 00000nam a2200000 4500 | ||
|---|---|---|---|
| 001 | c100554 | ||
| 005 | 20221123135134.0 | ||
| 020 | |a 0-256-06231-5 | ||
| 041 | 0 | |a eng | |
| 044 | |a US | ||
| 245 | 1 | 0 | |a Cases in portfolio management |c Robert F. Vandell, Mark T. Finn |
| 264 | 1 | |a Homewood |b IRWIN |c 1988 | |
| 300 | |a 699 s. | ||
| 610 | 2 | 0 | |a portfólio |
| 610 | 2 | 0 | |a manažment |
| 610 | 2 | 0 | |a riadenie |
| 610 | 2 | 0 | |a trh kapitálový |
| 610 | 2 | 0 | |a trh kapitálový medzinárodný |
| 610 | 2 | 0 | |a investície |
| 610 | 2 | 0 | |a investície kapitálové |
| 610 | 2 | 0 | |a papiere cenné |
| 610 | 2 | 0 | |a štúdie prípadové |
| 100 | 1 | |a Vandell, Robert F. | |
| 700 | 1 | |a Finn, Mark T. | |